000 00335nam a2200133Ia 4500
005 20260328104309.0
008 260328s9999||||xx |||||||||||||| ||und||
100 _aWilkes, Angela
245 4 _aThe Definitive Visual History Design /
_cAngela Wilkes
260 _bDK
300 _a476 p.
650 _aDISEÑO INDUSTRIAL
942 _cBK
999 _c10891
_d10891